| 000 | 01207naa a22003017a 4500 | ||
|---|---|---|---|
| 001 | BR7310721 | ||
| 003 | BR-BrBNA | ||
| 005 | 20240918173522.0 | ||
| 007 | ta | ||
| 008 | 230509b bl.||||| |||| 00| 0 por d | ||
| 040 |
_aBR-BrBNA _bpor _cBiblioteca Nacional de Agricultura |
||
| 041 | _a(Pt) | ||
| 072 |
_aH20 _b2120 _b4110 |
||
| 090 | _aH20 BR7310721 | ||
| 100 | 1 | _aKimura, O. | |
| 100 | 1 | _aRobbs, C.F. | |
| 100 | 1 | _aRibeiro, R. de L.D. | |
| 111 | 1 |
_a1. Congresso Brasileiro sobre Pragas e Doencas do Cafeeiro _cVitoria, ES (Brazil) _d4 Jul 1973 |
|
| 245 | 1 | _aEstudos sobre o agente da mancha aureolada do cafeeiro [Pseudomonas garcae Amaral e outros)[bacteria] | |
| 260 | 3 |
_aRio de Janeiro, GB (Brasil): _c1973. |
|
| 500 | _aResumos dos trabalhos apresentados no 1. Congresso Brasileiro sobre Pragas e Doencas do Cafeeiro Rio de Janeiro, GB (Brasil): 1973. p. 59 (BR7310721-AM)H20 | ||
| 650 | _aCAFE | ||
| 650 | _aMANCHA AUREOLADA | ||
| 650 | _aBACTERIA | ||
| 773 | 0 |
_tResumos dos trabalhos apresentados no 1. Congresso Brasileiro sobre Pragas e Doencas do Cafeeiro _wH20 BR7310721 _gRio de Janeiro, GB (Brasil), 1973. p. 59 |
|
| 909 |
_a202404 _bLucia _c55 _dLucia Elande |
||
| 942 |
_cAM _2AGRIS |
||
| 999 |
_c305132 _d305132 |
||